World Cup 2026 - Qualfied countries - Statistics

General Stats
  • This quiz has been taken 312 times
    18 since last reset
  • The average score is 32 of 48
Answer Stats
Host countries % Correct
Mexico
100%
Portugal
100%
Spain
100%
USA
100%
Argentina
91%
Croatia
91%
Algeria
82%
Belgium
82%
Bosnia and Herzegovina
82%
Brazil
82%
Canada
82%
Egypt
82%
France
82%
Netherlands
82%
Norway
82%
Austria
73%
Ecuador
73%
England
73%
Germany
73%
Scotland
73%
Sweden
73%
Colombia
64%
New Zealand
64%
Paraguay
64%
Saudi Arabia
64%
Senegal
64%
Uruguay
64%
Australia
55%
Czechia
55%
Democratic Republic of the Congo
55%
Ghana
55%
Japan
55%
Qatar
55%
South Africa
55%
South Korea
55%
Switzerland
55%
Tunisia
55%
Türkiye
55%
Cape Verde
45%
Curaçao
45%
Haiti
45%
Iran
45%
Iraq
45%
Ivory Coast
45%
Jordan
45%
Morocco
45%
Panama
45%
Uzbekistan
27%
No matching quizzes found
Score Distribution
Percent of People with Each Score
Percentile by Number Answered
Your Score History
You have not taken this quiz since the last reset